000 00832nam a2200277 a 4500
001 62716
003 BD-RjUL
005 20211209081121.0
008 170125r19961986enk 000 1 eng d
020 _a9780099740915
035 _aBD-RjUL62843
040 _aBDS
_beng
_cBD-RjUL
041 _aeng
082 0 _a813
_223
_bATH 1996
100 1 _aAtwood, Margaret,
_d1939-
_9186415
245 1 4 _aThe handmaid's tale /
_cMargaret Atwood.
260 _aLondon :
_bVintage,
_c1996.
300 _a324 p. ;
_c20 cm.
490 1 _aContemporary classics
500 _aOriginally published: London : Jonathan Cape, 1986.
650 0 _aMan-woman relationships
_vFiction.
_9186416
650 0 _aMisogyny
_xFiction.
_9186417
650 0 _aWomen
_vFiction.
_9186418
830 0 _aContemporary classics (Vintage).
_9186419
942 _2ddc
_cBK
999 _c62716
_d62716